Computer confluence: exploring tomorrow's technology. / (Record no. 3105)
[ view plain ]
| 000 -LEADER | |
|---|---|
| fixed length control field | 01382nam a22001697a 4500 |
| 008 - FIXED-LENGTH DATA ELEMENTS--GENERAL INFORMATION | |
| fixed length control field | 140709b xxu||||| |||| 00| 0 eng d |
| 020 ## - INTERNATIONAL STANDARD BOOK NUMBER | |
| International Standard Book Number | 013141435671 |
| 050 ## - LIBRARY OF CONGRESS CALL NUMBER | |
| Classification number | QA76.C5628 |
| 100 ## - MAIN ENTRY--PERSONAL NAME | |
| Personal name | Beekman, George. |
| 245 ## - TITLE STATEMENT | |
| Title | Computer confluence: exploring tomorrow's technology. / |
| Statement of responsibility, etc. | George Beekman |
| 250 ## - EDITION STATEMENT | |
| Edition statement | 6th ed. |
| 260 ## - PUBLICATION, DISTRIBUTION, ETC. | |
| Place of publication, distribution, etc. | Upper Saddle River: |
| Name of publisher, distributor, etc. | Pearson, |
| Date of publication, distribution, etc. | 2005. |
| 300 ## - PHYSICAL DESCRIPTION | |
| Extent | xxx,600p.: |
| Other physical details | ill.; |
| Dimensions | 25cm. |
| 500 ## - GENERAL NOTE | |
| General note | Includes index, appendix and glossary. |
| 505 ## - FORMATTED CONTENTS NOTE | |
| Formatted contents note | Contents: Approaching computers: Hardware and software fundamentals: Computer currents: From calculation to connection -- Hardware basics: Inside the box -- Hardware basics: Peripherals -- Software basics: The ghost in the machine -- Using software: Essentials applications: Basic office applications -- Graphics, digital media and multimedia -- Database applications and implications -- Exploring with computers: Networking and the internet: Networking and telecommunication -- Inside the internet and the world wide web -- Living with computers: Issues and implications: Computers security and risks -- Computers at work, school and home -- Managing computers: Information systems at work: Information systems in Business -- Electronic commerce and E-business -- Mastering computers: From algorithms to intelligence: Systems design and development -- Is artificial intelligence real |
| 942 ## - ADDED ENTRY ELEMENTS (KOHA) | |
| Source of classification or shelving scheme | Library of Congress Classification |
| Koha item type | Books |
| Withdrawn status | Lost status | Source of classification or shelving scheme | Damaged status | Not for loan | Home library | Current library | Shelving location | Date acquired | Total Checkouts | Full call number | Barcode | Date last seen | Copy number | Price effective from | Koha item type |
|---|---|---|---|---|---|---|---|---|---|---|---|---|---|---|---|
| Library of Congress Classification | WISCONSIN INTERNATIONAL UNIVERSITY COLLEGE, GHANA - MAIN LIBRARY | WISCONSIN INTERNATIONAL UNIVERSITY COLLEGE, GHANA - MAIN LIBRARY | Reference | 09/07/2014 | QA76.C5628 | 7470/498/13 | 09/07/2014 | 1 | 09/07/2014 | Books |
